000 00756cam a22002531 4500
001 sa 65004302
003 DLC
005 20260227112129.0
008 871016s1964 ii c 000 0 eng
010 _asa 65004302
025 _aPL480:I-E-3406
035 _a(OCoLC)16861269
040 _aDLC
_cWaU
_dDLC
042 _apremarc
050 0 0 _aJQ298.I5
_bB23
100 1 _aBahl, Sardari Lall.
245 1 4 _aThe Kamraj plan and the Congress socialism
_c[by] S.L. Bahl.
260 _aDhampur (Bijnor)
_c[1964]
300 _a69 p.
_bport.
_c22 cm.
500 _aAt head of title: A storm in the Congress tea cup.
610 2 0 _aIndian National Congress.
651 0 _aIndia
_xPolitics and government
_y1947-
740 2 _aA storm in the Congress tea cup.
999 _c63664
_d63664